000
00300nam a22001337a 4500
008
170527b xxu||||| |||| 00| 0 eng d
020
_a
0910554390
041
_a
eng
080
_2
2ND
_a
62
100
_a
27
101
_a
im
245
_a
ENGINEERING ECONOMIC ANALYSIS
_c
NEWNAN, D.G
942
_2
udc
_c
BK
999
_c
14681
_d
14681